| 000 | 00775nam a22002537a 4500 | ||
|---|---|---|---|
| 001 | BD-DhSAU 5209 | ||
| 003 | BD-DhSAU | ||
| 005 | 20150412135618.0 | ||
| 008 | 150412b2000 -usa|||| |||| 001 0 eng d | ||
| 020 | _a0340720182 | ||
| 040 | _aBD-DhSAU | ||
| 082 |
_222 _a363.61 _bTWW |
||
| 100 | _a Twort, Alan D. | ||
| 245 |
_aWater supply / _cAlan D. Twort, Don D. Ratnayaka, Malcolm J. Brandt |
||
| 250 | _a5th ed. | ||
| 260 |
_aOxford : _bButterworth Heinemann , _cc2000. |
||
| 300 |
_axii, 676 p. : _bill. ; _c25 cm. |
||
| 504 | _aIncludes bibliographical references & index. | ||
| 590 | _aJerin | ||
| 650 | _aWater-supply engineering. | ||
| 650 | _aTECHNOLOGY & ENGINEERING -- Environmental Water-supply | ||
| 700 | _aRatnayaka, Don D. | ||
| 700 | _aBrandt, Malcolm J. | ||
| 942 |
_2ddc _cBOOK |
||
| 999 |
_c5209 _d5209 |
||